Online
Catalog

That devil Wilkes / (Record no. 1134)

MARC details
000 -CABECERA
campo de control de longitud fija 00617cam a2200181 a 4500
001 - NÚMERO DE CONTROL
campo de control 000001182
005 - FECHA Y HORA DE LA ÚLTIMA TRANSACCIÓN
campo de control 20200929145511.0
008 - DATOS DE LONGITUD FIJA--INFORMACIÓN GENERAL
campo de control de longitud fija 770627s1930 enka b 001 0 eng
040 ## - FUENTE DE LA CATALOGACIÓN
Centro catalogador/agencia de origen DO-SdBNP
Lengua de catalogación spa
Centro/agencia transcriptor BNPHU
082 ## - NÚMERO DE LA CLASIFICACIÓN DECIMAL DEWEY
Número de clasificación nn
Número de documento/Ítem P857t
100 1# - ENTRADA PRINCIPAL--NOMBRE DE PERSONA
Nombre de persona Postgate, Raymond,
Fechas asociadas al nombre 1896-1971.
9 (RLIN) 4027
245 10 - MENCIÓN DE TÍTULO
Título That devil Wilkes /
Mención de responsabilidad, etc. Raymond Postgate.
260 ## - PUBLICACIÓN, DISTRIBUCIÓN, ETC.
Lugar de publicación, distribución, etc. London, Inglaterra :
Nombre del editor, distribuidor, etc. Constable & co,
Fecha de publicación, distribución, etc. 1930.
300 ## - DESCRIPCIÓN FÍSICA
Extensión 288 p. :
Otras características físicas il. ;
Dimensiones 23 cm.
504 ## - NOTA DE BIBLIOGRAFÍA, ETC.
Nota de bibliografía, etc. "Fuentes para la vida de John Wilkes": p. 273-275.
600 10 - PUNTO DE ACCESO ADICIONAL DE MATERIA--NOMBRE DE PERSONA
Nombre de persona Wilkes, John,
Fechas asociadas al nombre 1725-1797.
9 (RLIN) 4028
651 #0 - PUNTO DE ACCESO ADICIONAL DE MATERIA--NOMBRE GEOGRÁFICO
Nombre geográfico Great Britain
Subdivisión general Politics And Government
Subdivisión cronológica 1760-1789.
9 (RLIN) 4029
Holdings
Estado de retiro Estado de pérdida Restricciones de uso No para préstamo Código de colección Localización permanente Ubicación/localización actual Ubicación en estantería Fecha de adquisición Número de inventario Total de préstamos Signatura topográfica completa Código de barras Fecha visto por última vez Precio válido a partir de Tipo de ítem Koha
    Préstamo interno Préstamo en sala Dominicana de Servicio Biblioteca Nacional Pedro Henríquez Ureña Biblioteca Nacional Pedro Henríquez Ureña Depósito 04.09.2009 LF1   nn P857t 1182-10 25.06.2020 25.06.2020 Libros y folletos

Powered by Koha